00479nam a2200169Ia 4500999001500000003000400015005001700019008004100036020001800077040000900095082002100104100003300125245003800158260005600196300000900252942004800261 c6307d6307OSt20200122103753.0190216s9999||||xx |||||||||||||| ||und|| a9788129701336 coclc a658.00182bSHA/B a Sharma, Jitendra Kumar9125 0aBusiness Statistics /cJ K Sharma bPearson Education International,c2004.aNew Delhi: a784p cBK2ddch658.00182iSHA/Bk658.00182mSHA/B